| 000 | 01424nam a22001817a 4500 | ||
|---|---|---|---|
| 005 | 20210414114053.0 | ||
| 008 | 120720t xxu||||| |||| 00| 0 eng d | ||
| 020 | _a9780321155559 0321155556 | ||
| 050 | _aTK5105.888.P11 | ||
| 100 | _aPapazoglou, P. Michael | ||
| 245 |
_aWeb services : principles and technology. / _cMichael P. Papazoglou |
||
| 260 |
_aHarlow, England ; _bPearson/Prentice Hall,.. _c©2008. |
||
| 300 |
_axxxii, 752 p. : _bill. ; _c24 cm. |
||
| 500 | _aIncludes index and references. | ||
| 505 | _aContents: Basic: Web services basic -- Enabling infrastructure: Distributed computing infrastructure --Brief overview of XML -- Core functionality and standards: SOAP: simple object access protocol -- Describing web services -- Registering and discovering web services - Event notification and service oriented architectures: Addressing and notification --Service-oriented architectures -- Service composition and service transactions: Processes and workflows -- Transaction processing -- Service security and policies: Security web services -- Services policies and agreements -- Service semantics and business protocols: Semantics and web services -- Business protocols -- Service design and development: Web services development lifecycle -- Service management: Web services management -- Emerging trends: Recent trends and developments. | ||
| 650 |
_aWeb services _x World wide web |
||
| 942 |
_2lcc _cBK |
||
| 999 |
_c1773 _d9273 |
||